Guess the Hamilton song 2 - Statistics

General Stats
  • This quiz has been taken 4,740 times
  • The average score is 218 of 447
Answer Stats
Answer % Correct
a
98%
s
96%
I
95%
The
88%
the
88%
Hamilton
84%
Hamilton,
84%
Hamilton.
84%
Hamilton!
84%
ya
84%
you
84%
you,
84%
You
84%
you.
84%
an
80%
he
79%
He
79%
we
77%
We
77%
do
75%
to
75%
is
73%
on
72%
and
70%
be
70%
me.
70%
Alexander
69%
of
69%
it?
66%
it
66%
it.
66%
In
65%
in
65%
was
63%
your
62%
have
61%
Have
61%
for
60%
not
60%
war
60%
What?
59%
Who
58%
my
56%
My
56%
France
55%
France.
55%
out
55%
Jefferson,
54%
Jefferson.
54%
So
53%
When
53%
when
53%
if
52%
If
52%
know
52%
know,
52%
are
51%
as
51%
that
51%
with
51%
need,
50%
they
50%
were
50%
We're
50%
I'm
48%
this
48%
or
47%
our
47%
sir.
47%
sir,
47%
Sir?
47%
fight
46%
fight.
46%
table:
46%
would
46%
guns
45%
now
45%
Did
44%
Washington
44%
hand
43%
issue
43%
right.
43%
where
43%
man,
42%
verge
42%
ask
41%
'em
41%
like
41%
Lafayette?
40%
Secretary
40%
stay
40%
but
39%
But
39%
floor,
39%
French
39%
King
39%
only
39%
provide
39%
take
39%
time
39%
treaty.
38%
treaty
38%
treaty,
38%
want,
38%
State!
37%
them
37%
don't
36%
England
36%
his
36%
President.
36%
President
36%
President—
36%
signed
36%
mind
35%
must
35%
those
35%
funds?
34%
money
34%
money,
34%
think
34%
dead!"
33%
gonna
33%
head
33%
head?
33%
new
33%
promise,
33%
promise
33%
provided
33%
convince
32%
"Should
32%
allies
31%
door,
31%
here
31%
needy,
31%
nothing
31%
person
31%
world,
31%
You're
31%
aid
30%
death's
30%
Goddamn
30%
made
30%
Mr
30%
revolution
30%
super
30%
didn't
29%
does
29%
friend,
29%
land,
29%
mine.
29%
nation!
29%
nation
29%
needed
29%
remind
29%
stand
29%
stand.
29%
Stand
29%
whatever
29%
approval.
28%
basket,
28%
chance.
28%
forget
28%
forget.
28%
lead
28%
who's
28%
brink
27%
congressional
27%
half
27%
lend
27%
Louis'
27%
people
27%
too
27%
debate.
26%
it's
26%
matter
26%
mess,
26%
ounce
26%
rather
26%
return
26%
subject
26%
Uh...
26%
every
25%
I'll
25%
let
25%
regret?
25%
Remember,
25%
troops
25%
before
24%
Enough.
24%
royalty,
24%
their
24%
we'd
24%
against
23%
calling!
23%
Daddy's
23%
dresses
23%
fake
23%
honor
23%
Ooh!
23%
rioting.
23%
freedom?
22%
leading—
22%
smells
22%
bring
21%
decision
21%
knows
21%
Queen
21%
bet
20%
fought
20%
got
20%
loyalty,
20%
start
20%
Thank
20%
There's
20%
brothers
19%
chess
19%
figure
19%
he'll
19%
ideals
19%
Kingless.
19%
response?
19%
another
18%
game
18%
messy
18%
never
18%
Sure,
18%
tyranny.
18%
without
18%
behind
17%
debt,
17%
middle
17%
smart
17%
difference.
16%
fine
16%
fragile
16%
line?
16%
military
16%
rise
16%
stop,
16%
whose
16%
draw
15%
hour
15%
little
15%
neutrality.
15%
power,
15%
statement
15%
accumulate
14%
betrays
14%
Everything
14%
Frankly,
14%
meddling
14%
oppressors
14%
yet
14%
Draft
13%
Well
13%
disquieting
12%
Lafayette's
12%
above
11%
blind
11%
desperate
11%
Hey,
11%
lawyer.
11%
reality.
11%
station.
11%
try
11%
admit
10%
quite
10%
Alas,
9%
aquitted.
9%
quick-witted
9%
defendants
8%
someone
8%
Yeah.
8%
oughta
5%
No matching quizzes found
Score Distribution
Percent of People with Each Score
Percentile by Number Answered
Your Score History
You have not taken this quiz